000 00809cam a22002651 4500
001 36461
003 BD-RjUL
005 20211209052505.0
008 140624s1965 nju b 000 0 eng
035 _a(BD-RjUL)36561
035 _a(BD-RjUL)36561
040 _aDLC
_cODaWU
_dOCoLC
_dBD-RjUL
_dBD-RjUL
_beng
041 _aeng
082 _a320.9549
_bVOP 1965
100 1 _aVon Vorys, Karl.
_9111006
245 1 0 _aPolitical development in Pakistan /
260 _aPrinceton, N.J.,
_bPrinceton University Press,
_c1965.
300 _axx, 341 p. ;
_c23 cm.
500 _a"Published for the Princeton Center of International Studies."
504 _aBibliographical footnotes.
651 0 _aPakistan
_xPolitics and government.
_9111007
942 _2ddc
_cBK
999 _c36461
_d36461